| 000 | 01193nam a22002417a 4500 | ||
|---|---|---|---|
| 001 | 114015 | ||
| 003 | DR-UNIBE | ||
| 005 | 20250805105959.0 | ||
| 008 | 250805b2010 mx ||||| |||| 00| 0 spa d | ||
| 020 | _a9685976201 | ||
| 040 |
_aBIBLIOTECA UNIBE _bspa _cBIBLIOTECA UNIBE _erda |
||
| 041 | _aspa | ||
| 082 |
_222 _a347.01 M611n |
||
| 110 | 1 | 0 |
_aMéxico. Consejo de la Judicatura Federal _9198205 _eautor |
| 245 | 1 | 0 | _aNormativa |
| 250 | _aTercera edición | ||
| 260 |
_aMéxico: _bPoder Judicial de la Federación, _c2010 |
||
| 300 |
_a364 páginas: _c16 x 12 cm |
||
| 505 | _aAcuerdo general del pleno del Consejo de la Judicatura Federal, que reglamenta la carrera judicial y las condiciones de los funcionarios judiciales | Acuerdo general del pleno del Consejo de la Judicatura Federal, que reglamenta los procedimientos de responsabilidad administrativa y el seguimiento de la situación patrimonial | Acuerdo general del pleno del Consejo de la Judicatura Federal, que reglamenta la organización y funcionamiento del propio Consejo | ||
| 650 |
_2lemb _aSistema judicial _xNormas _zMéxico _9198206 |
||
| 650 |
_2lemb _aPoder Judicial _xNormas _zMéxico _9198207 |
||
| 942 |
_2ddc _cBK |
||
| 999 |
_c114015 _d114015 |
||